000 00709nam a2200253Ia 4500
003 OSt
005 20221005091211.0
006 a|||||r|||| 00| 0
007 ta
008 221004b |||||||| |||| 00| 0 eng d
024 _a74108
037 _cTextual
040 _aCRL
_cCRL
_beng
041 _2eng
_aeng
082 _aO111,3:g, K8
100 _aCalderwood James L Ed.
_9508265
245 0 _aPerspectives on fiction
260 _aNew York
_bOxford University Press USA
_c1968
300 _a384p.
_ccm.
650 _aENGLISH LITERATURE
700 _a Toliver Harold
_9508264
942 _hO111,3:g, K8
_cTEXL
_2cc
999 _c996917
_d996917